| 000 | 00582cam a22002171 4500 | ||
|---|---|---|---|
| 001 | he 68002348 | ||
| 003 | DLC | ||
| 005 | 20260227111501.0 | ||
| 008 | 940322s1965 is a 000 0 heb | ||
| 010 | _ahe 68002348 | ||
| 025 | _a[PL480:Is-8344] | ||
| 035 | _a(OCoLC)29997961 | ||
| 040 |
_aDLC _cTxU _dDLC |
||
| 042 | _apremarc | ||
| 050 | 0 | 0 |
_aPZ90.H3 _bK336 |
| 100 | 1 | _aKashti, Ester. | |
| 245 | 1 | 0 |
_aKokhav ohev yeladim, _cme-et Ester Kashti. Tsiyurim: H. Hekhtkoff. |
| 260 |
_a[Tel-Aviv] _bMasadah _c[1965] |
||
| 300 |
_a15 p. _bcol. illus. _c24 cm. |
||
| 500 | _aVocalized. | ||
| 999 |
_c33565 _d33565 |
||